Marshalleilanden Trivia Quiz - Statistieken

Algemene statistieken
  • Deze quiz is 247 keer genomen
  • De gemiddelde score is 8 van 14
Antwoordstatistieken
Hint Antwoord % Correct
Officiële talen Engels
98%
Land waar de Marshalleilanden in 1986 onafhankelijk van werden Verenigde Staten
87%
Land dat de Marshalleilanden van 1914 tot 1944 bezette Japan
86%
Oceanische subregio waar de Marshalleilanden deel van uitmaken {Micro}nesië
83%
De Marshalleilanden hebben de op een na laagste gemiddelde _____ van alle landen, na de Maldiven Hoogte
68%
Daarom worden de Marshalleilanden vaak beschouwd als een van de landen die het meest door dit fenomeen worden bedreigd Klimaatverandering
67%
Hoofdstad Majuro
64%
Koraalatol waarop de Verenigde Staten 23 atoombommen hebben getest {Bikini}-atol
57%
Technisch gezien hebben de Marshalleilanden de op drie na grootste koopvaardij____ ter wereld, vanwege het gebruik van hun 'goedkope vlag' Vloot
55%
Officiële talen Marshallees
45%
De Marshalleilanden zijn het eerste land dat dit als wettig betaalmiddel accepteren Cryptovaluta
43%
Verdrag dat de Marshalleilanden nauw met het bovenstaande verbindt, waardoor mensen vrij kunnen reizen tussen de twee landen Compact of Free {Association}
33%
Grondgebied van de Verenigde Staten opgeëist door de Marshalleilanden, ook de locatie van een WO II-veldslag {Wake}-eiland
23%
's Werelds grootste geleedpotige die op land leeft Kokoskrab
19%
Geen overeenkomende quizzen gevonden
Scoreverdeling
Procent van Mensen met Elke Score
Percentiel versus Aantal Correcte Antwoorden
Uw Scoregeschiedenis
U heeft deze quiz nog niet genomen